Eastern Economic Journal

Uložené v:
Podrobná bibliografia
Médium: Seriál
Jazyk:English
Vydavateľské údaje: Mahwah Eastern Economic Association 2017
Tagy: Pridať tag
Žiadne tagy, Buďte prvý, kto otaguje tento záznam!

MARC

LEADER 00000nas2a2200000 4500
001 0246617
005 20220301124447.8
022 |a 0094-5056 
041 0 |a eng 
044 |a US 
245 1 0 |a Eastern Economic Journal 
264 1 |a Mahwah  |b Eastern Economic Association  |c 2017 
773 0 |w eu_un_cat*s120438 
774 0 |w eu_un_cat*0282210